"Vállalom, hogy lepontozzák a mérkőzést" - mondja a leváltott stúdióvezető

Elmentve itt :
Bibliográfiai részletek
Szerző: Dlusztus Imre
Dokumentumtípus: Cikk
Megjelent: 1988-10-05
Sorozat:Délmagyarország 78 No. 238
Kulcsszavak:Várkonyi Balázs, rádió
Online Access:http://dmarchiv.bibl.u-szeged.hu/101314
LEADER 00514nab a2200157 i 4500
001 delm101314
005 20190918102524.0
008 190918s1988 hu o 0|| hun d
040 |a SZTE Délmagyarország Archívum  |b hun 
041 |a hun 
100 1 |a Dlusztus Imre 
245 1 0 |a "Vállalom, hogy lepontozzák a mérkőzést" - mondja a leváltott stúdióvezető  |h [elektronikus dokumentum] /  |c  Dlusztus Imre 
260 |c 1988-10-05 
300 |a 5 
490 0 |a Délmagyarország  |v 78 No. 238 
695 |a Várkonyi Balázs, rádió